000
00320nam a22001337a 4500
008
181023b xxu||||| |||| 00| 0 eng d
020
_a
9780205156542
041
_a
eng
080
_2
6th
_a
371
100
_a
46
101
_a
EDU
245
_a
Research Methods in Education an Introduction
_c
Wiersma,W
942
_2
udc
_c
BK
999
_c
50644
_d
50644